La Rueda del turismo no tiene marcha atrás /

محفوظ في:
التفاصيل البيبلوغرافية
المؤلف الرئيسي: Castro Fonseca, Rodrigo A.
التنسيق: نص
الموضوعات:
الوسوم: إضافة وسم
لا توجد وسوم, كن أول من يضع وسما على هذه التسجيلة!

MARC

LEADER 00000 a a2200000 04500
001 16861
003
040
100 |a Castro Fonseca, Rodrigo A.  
245 |a La Rueda del turismo no tiene marcha atrás /  |c Rodrigo A. Castro Fonseca 
650 |a TURISMO  
650 |a HISTORIA  
650 |a PLANIFICACION DEL DESARROLLO  
650 |a COSTA RICA  
773 |g volumen 13, número 2; páginas 45-53  
999 |c 35835  |d 35835